| Поле | Инд. | ПП | Название | Значение |
|---|---|---|---|---|
| Тип записи | a | |||
| Библиографический уровень | m | |||
| 001 | Контрольный номер | RU/IS/BASE/225991468 | ||
| 005 | Дата корректировки | 20190617102803.3 | ||
| 084 | a | Индекс другой классификации/Индекс ББК | 74.480.0 | |
| 090 | a | Полочн. индекс | 74.48 | |
| x | Авторский знак | С 88 | ||
| 245 | 00 | a | Заглавие | Студент на пороге ХХI века |
| b | Продолж. заглавия | монография | ||
| c | Ответственность | отв. ред. Н. И. Рейнвальд | ||
| 260 | 00 | a | Место издания | Москва |
| b | Издательство | УДН | ||
| c | Дата издания | 1990 | ||
| 300 | 00 | a | Объем | 152 с. |
| 650 | 00 | a | Основная рубрика | Педагогика образования-Студенчество |
| 650 | 14 | a | Основная рубрика | Высшее образование-Теория обучения |
| 653 | 00 | a | Ключевые слова | Личность студента |
| a | Ключевые слова | Монографии | ||
| a | Ключевые слова | Образование высшее | ||
| a | Ключевые слова | Подготовка специалистов | ||
| a | Ключевые слова | Профессиональная подготовка | ||
| a | Ключевые слова | Студенчество | ||
| a | Ключевые слова | Специалисты | ||
| a | Ключевые слова | Учебно-воспитательный процесс | ||
| 952 | c | Вид литературы | монография |